The world of E. M. Forster - E. M. Forster and the world /

Bibliographic Details
Other Authors: Fordoński, Krzysztof (Editor), Kwiatkowska, Anna (Editor)
Format: Book
Language:English
Published: Newcastle Upon Tyne : Cambridge Scholars Publishing, 2021.
Subjects:

MARC

Tag First Indicator Second Indicator Subfields
LEADER 00000cam a2200000Ii 4500
001 in00004432521
008 210703t20212021enk b 001 0 eng d
005 20250318212357.1
020 |a 9781527569843 
020 |a 1527569845  |q hardback 
035 |a (OCoLC)on1258780656 
035 |a (OCoLC)1258780656 
040 |a YDX  |b eng  |e rda  |c YDX  |d YDXIT  |d OCLCO  |d OCLCF  |d YDXIT 
050 4 |a PR6011.O58  |b Z62 2021 
082 0 4 |a 823.912  |2 23 
245 0 4 |a The world of E. M. Forster - E. M. Forster and the world /  |c edited by Krzysztof Fordoński and Anna Kwiatkowska. 
264 1 |a Newcastle Upon Tyne :  |b Cambridge Scholars Publishing,  |c 2021. 
264 4 |c ©2021 
300 |a vi, 162 pages ;  |c 22 cm 
336 |a text  |b txt  |2 rdacontent 
337 |a unmediated  |b n  |2 rdamedia 
338 |a volume  |b nc  |2 rdacarrier 
504 |a Includes bibliographical references and index. 
600 1 0 |a Forster, E. M.  |q (Edward Morgan),  |d 1879-1970  |x Criticism and interpretation. 
650 0 |a English literature. 
600 1 7 |a Forster, E. M.  |q (Edward Morgan),  |d 1879-1970.  |2 fast  |0 (OCoLC)fst00040913 
650 7 |a English literature.  |2 fast  |0 (OCoLC)fst00911989 
655 7 |a Criticism, interpretation, etc.  |2 fast  |0 (OCoLC)fst01411635 
700 1 |a Fordoński, Krzysztof,  |e editor. 
700 1 |a Kwiatkowska, Anna,  |e editor. 
852 8 |b pda,print  |z This title is available for the library to purchase for your use. Click the "Purchase It For Me" button to place a request. This item may take 5-10 business days to arrive. 
955 |a Print PDA title 
999 f f |s 607faaea-d3d5-4aea-984f-ce8a0f857534  |i a2f641b8-2a77-3335-ac62-5a34728d850c  |t 0 
952 f f |a Texas A&M University  |b College Station  |c Sterling C. Evans Library  |d Purchase on Demand  |t 0  |e PR6011.O58 Z62 2021  |h Library of Congress classification 
998 f f |a PR6011.O58 Z62 2021  |t 0  |l Purchase on Demand